000 00464nam a2200157Ia 4500
999 _c5357
_d5357
003 OSt
005 20200116130408.0
008 190216s9999||||xx |||||||||||||| ||und||
040 _coclc
082 _a658.1511
_bRAM/M
100 _aRamachandran, H
_91220
245 0 _aManagement Accounting /
_cH Ramachandran
260 _bS Chand And Company Ltd,
_c1978.
_aNew Delhi:
300 _a529p
942 _cBK
_2ddc
_h658.1511
_iRAM/M
_k658.1511
_mRAM/M